|
|
|
|
| LEADER |
00000cam a2200000 a 4500 |
| 001 |
vtls010074904 |
| 003 |
SK-MaSNL |
| 005 |
20260302011058.0 |
| 008 |
230421 1790 xo a 000 0 ger |
| 015 |
|
|
|a SNBHFA
|
| 035 |
|
|
|a urn:nbn:sk:snk-am00icyi
|
| 035 |
|
|
|a 5BCBC4AC-AC07-41C7-90F3-26DC410D662E
|
| 040 |
|
|
|a SNKHFA
|b slo
|c SNKHFA
|e AACR2
|
| 041 |
0 |
|
|a ger
|
| 044 |
|
|
|a xo
|c SK
|
| 072 |
|
7 |
|a 72
|x Architektúra
|2 konspekt
|
| 080 |
|
|
|a 72
|2 2011
|
| 100 |
1 |
|
|a Schauf, Ján Nepomuk,
|d 1757-1827
|4 aut
|4 aui
|4 pbl
|9 211926
|
| 245 |
1 |
0 |
|a Theorie der Säulenordnungen, sammt einer ungarischen Nationalsaulenordnung
|b Dem Könige und der Nation gewidmet, am Tage der Krönung in Pressburg 1790
|c Johann Schauff
|
| 260 |
|
|
|a Preszburg
|b im Schauffischen Verlag
|c 1790
|e Preszburg
|f gedruckt bey Anton Oderlitzky
|
| 300 |
|
|
|a 57 s.
|e 1 obr., IV príl.
|c 21 cm
|
| 500 |
|
|
|a Medirytinový frontispice signovaný Christianom Sambachom a Clemensom Kohlom. Vinety. Zložky
|
| 508 |
|
|
|a Úvod autora
|
| 510 |
4 |
|
|a Bibliog. územ. slovac. tlačí 18. stor.
|c V/ 8664
|
| 510 |
4 |
|
|a Petrik
|c III/ 295
|
| 546 |
|
|
|a Nemčina
|b Fraktúra
|
| 550 |
|
|
|a Tlačiar uvedený za textom
|
| 561 |
|
|
|a Pečiatka: Ajándékozta Kultsár István 1827
|5 SNK SC 25027
|
| 650 |
0 |
7 |
|a architektúra
|2 SNKPH
|9 722
|
| 700 |
1 |
|
|a Sambach, Christian,
|d 1754-1807
|4 ill
|9 651095
|
| 700 |
1 |
|
|a Kohl, Clemens
|4 ill
|9 651096
|
| 700 |
1 |
|
|a Kultsár, István,
|d 1760-1828
|4 fmo
|9 254892
|
| 700 |
1 |
|
|a Oderlický, Anton,
|d narodený 1766
|4 prt
|9 214697
|
| 752 |
|
|
|a Slovensko
|d Bratislava
|
| 852 |
|
|
|a Slovenská národná knižnica
|b Historické fondy
|
| 852 |
|
|
|a snk
|p SC 25027
|
| 958 |
|
|
|a ONDV
|
| 958 |
|
|
|a DD
|
| 999 |
|
|
|c 1004713
|d 1006643
|
| 952 |
|
|
|a SNK
|b SNK
|y PREZ
|7 0
|p 17A0648206
|o snkSC 25027
|i snkF 1678/69
|8 5
|0 0
|1 0
|4 0
|d 2010-03-12
|l 0
|r 2026-02-24 12:32:11
|w 2026-02-24
|